00445 2200169 4500001002100000005001500021008004100036020002200077035001900099041000700118082001000125090001600135100002500151245004300176260003000219300002600249INLIS00000000000025420241224112137241224||||||||| | ||| |||| || |  a978-979-794-074-8 0010-1224000254 aid0 a324.8 a324.8 TIM d0 aTim Topik Minggu Ini00aDana siluman dkp dalam kampanye capres aJakartabTransMediac2007 ax 54 hlm; ilus; 19 cm